书目信息 |
| 题名: |
国家资助农业项目申报程序及案例分析
|
|
| 作者: | 孟繁森 | |
| 分册: | ||
| 出版信息: | 北京 中国农业出版社 2012 |
|
| 页数: | 281 | |
| 开本: | 23cm | |
| 丛书名: | ||
| 单 册: | ||
| 中图分类: | S-3 | |
| 科图分类: | ||
| 主题词: | 农业科学--科学研究 , 农业科学--试验 | |
| 电子资源: | ||
| ISBN: | 7-109-17184-8 | |
| 000 | 00623nam0 2200193 450 | |
| 001 | 1735846483 | |
| 005 | 20170410095726.48 | |
| 010 | @a7-109-17184-8@d¥36.00 | |
| 100 | @a20170410d km y0chiy0120 ea | |
| 101 | 0 | @achi |
| 200 | 1 | @a国家资助农业项目申报程序及案例分析@Aguo jia zi zhu nong ye xiang mu shen bao cheng xu ji an li fen xi@f孟繁森@Fmeng fan sen |
| 210 | @a北京@c中国农业出版社@d2012 | |
| 215 | @a281@d23cm | |
| 606 | 0 | @a农业科学@x科学研究 |
| 606 | 0 | @a农业科学@x试验 |
| 690 | @aS-3@v4 | |
| 701 | 0 | @a孟繁森@Ameng fan sen |
| 801 | 0 | @aCN@b大连网信软件有限公司图书馆·11@c20170410 |
| 905 | @b6604523@dS-3@en1@f1 | |
| 国家资助农业项目申报程序及案例分析/孟繁森.-北京:中国农业出版社,2012 |
| 281;23cm |
| ISBN 7-109-17184-8:¥36.00 |
| ● |
| 相关链接 |
|
|
|
|
正题名:国家资助农业项目申报程序及案例分析
索取号:S-3/n1
 
预约/预借
| 序号 | 登录号 | 条形码 | 馆藏地/架位号 | 状态 | 备注 |
| 1 | 6604523 | 266045237 | 密集书库-生命科学系/ [索取号:S-3/n1] | 在馆 |